| 000 | 00440nam a2200169Ia 4500 | ||
|---|---|---|---|
| 008 | 230917s9999||||xx |||||||||||||| ||und|| | ||
| 020 | _cRS415 | ||
| 040 |
_e248002 _aMAIN |
||
| 041 | _aEnglish | ||
| 082 | _a005.7 M278B | ||
| 100 | _aMaheshwari, Anil | ||
| 245 | 0 | _aBig Data | |
| 260 |
_aChennai _bMcGraw Hill Education(India) _c2017 |
||
| 300 | _axv, 236 p. | ||
| 500 | _a3149 04/06/2018 HBD18/7417 15/06/2018 UIET (SFS) | ||
| 942 | _cBK | ||
| 999 |
_c27014 _d27014 |
||